000 00796nam a22002297a 4500
999 _c20326
_d20326
003 AR-CdUCM
008 190528b ||||| |||| 00| 0 spa d
040 _aMUNICIPALIDAD PROVINCIAL DEL CUSCO
_cBIBLIOTECA MUNICIPAL DEL CUSCO
041 _hita
082 _a850.4 /
_bS21
100 _aSanctis, Francesco De
_942501
245 _aEnsayos sobre la crítica /
260 _aBuenos Aires :
_bArgos,
_c1946.
300 _a151 páginas ;
_c21 cm.
505 _aContenido: La critica de Petrarca -- Francesca de Rímini según la critica y según el arte -- Una historia de la literatura...
650 _aCrítica literaria
_92609
650 _aEnsayos
_9375
650 _aconferencias
_9376
700 _aHalperín, Gregorio (traductor)
_942502
942 _2ddc
_cLIBROS
945 _aJavier